Films des années 2020 par images - Statistiques

Statistiques générales
  • Ce quiz a été pris 203 fois
  • Le résultat moyen est 14 sur 20
Statistiques - réponses
Par images Réponse % Correct
Barbie
98%
Avatar : La Voie de l'eau
91%
L'Amour ouf
90%
Un p'tit truc en plus
90%
Dune
88%
Oppenheimer
88%
The Batman
88%
Le Comte de Monte-Cristo
87%
Marsupilami
85%
Top Gun : Maverick
83%
Avatar : De feu et de cendres
82%
F1
77%
Elvis
66%
Les Trois Mousquetaires : D'Artagnan
62%
Anatomie d'une chute
45%
Conclave
45%
L'Histoire de Souleymane
36%
La Méthode Williams (King Richard)
27%
À l'ouest rien de nouveau
26%
Emilia Pérez
21%
Aucun quiz correspondant
Distribution des résultats
% des personnes avec chaque résultat
Percentile par nombre de réponses
Votre historique - résultats
Vous n’avez pas pris ce quiz